| 000 | 00859cam a2200301 i 4500 | ||
|---|---|---|---|
| 001 | 200462115 | ||
| 003 | TR-AnTOB | ||
| 005 | 20240729092213.0 | ||
| 007 | ta | ||
| 008 | 041109s2009 tu ad 001 0 tur d | ||
| 020 | _a9789755111980 | ||
| 020 | _a9789755111988 | ||
| 040 |
_aTVG _beng _erda _cTVG _dOCLCQ _dSULEY _dTR-AnTOB |
||
| 041 | 0 | _atur | |
| 050 | 1 | 4 |
_aTK7816 _b.T87 2009 |
| 090 |
_aTK7816 _b.T87 2009 |
||
| 100 | 1 |
_aTürköz, Mehmet Sait _eauthor _99733 |
|
| 245 | 1 | 0 |
_aElektronik / _cMehmet Sait Türköz. |
| 264 | 1 |
_aİstanbul : _bBirsen Yayınevi, _c2009. |
|
| 300 |
_av, 711 pages : _btables, graphs ; _c23 cm |
||
| 336 |
_atext _btxt _2rdacontent |
||
| 337 |
_aunmediated _bn _2rdamedia |
||
| 338 |
_avolume _bnc _2rdacarrier |
||
| 504 | _aBIBINDX | ||
| 650 | 7 |
_aElektronik _2etuturkob _97973 |
|
| 942 |
_2lcc _cBK |
||
| 999 |
_c200462115 _d80327 |
||